000 00611nam a22001937a 4500
003 OSt
005 20260615094125.0
008 260615b |||||||| |||| 00| 0 eng d
020 _a9780761931140
040 _cChuka University Library
050 _aLB 2806.4 .B6 2004
100 _aBlase Joseph
_929064
245 _aHandbook of instructional leadership
_b: How successful principals promote teaching and learning
250 _a2nd Ed.
260 _aThousand oaks ,California
_bCorwin press
_c2004
300 _avarious paging
_bindexes
650 _aInstructional leadership
_929065
942 _2lcc
_cBK
_n0
999 _c24218
_d24218